00636nam a2200205Ia 4500003000400000005001700004008004100021020001800062040001800080041000800098082002100106100001800127245012400145250001200269260004600281300002900327650002900356650002600385650001900411OSt20240816142903.0210716s2013 xx 000 0 und d a9788126520473 cAIMIT LIBRARY aeng a374.22 21bTRAB aTracy, Brian. aGetting rich your own way : bachieve all your financial goals faster than you ever thought possible /cBy Brian Tracy. a1st ed. aNew Delhi :bWiley India Pvt Ltd ,c2013. axix,284p. ;bPBc23.9 cm aLearn how to become rich aBecome a money magnet aLead the field